[Event "CZE-chT1 9596"]
[Site "CZE"]
[Date "1996.??.??"]
[Round "?"]
[White "Roj, Miroslav"]
[Black "Stratil, Ladislav Jr"]
[Result "0-1"]
[WhiteElo "2220"]
[BlackElo "2370"]

1.e4 g6 2.d4 Bg7 3.Nc3 c6 4.Bc4 d6 5.Qf3 e6 6.Nge2 d5 7.Bd3 Na6 8.a3 h6 9.Qg3 Ne7
10.e5 Nc7 11.h4 Nf5 12.Qh2 h5 13.Bg5 Qd7 14.f3 b6 15.g4 Ne7 16.gxh5 Rxh5
17.Nf4 Rh8 18.h5 Ba6 19.Qh4 Bxd3 20.cxd3 Bf8 21.Bf6 Rh7 22.Qg4 O-O-O 23.Kf2 gxh5
24.Rxh5 Rxh5 25.Qxh5 Qe8 26.Rg1 Kb7 27.Qh7 Rc8 28.b4 Nf5 29.Rg8 c5 30.bxc5 bxc5
31.Nce2 c4 32.Rh8 Qd7 33.Qh1 Qb5 34.Qd1 Bxa3 35.Rxc8 Kxc8 36.dxc4 dxc4 37.Qc2 Bb2
38.d5 Qb6+ 39.Ke1 Qb4+ 40.Kf2 Qc5+ 41.Ke1 Qb4+ 42.Kf2 Qc5+ 43.Ke1 Ba3 44.Ng2 Nxd5
45.Bg5 Nb4 46.Qe4 Nd3+ 47.Kd2 Qb4+  0-1

[Event "CZE-chT2c 9596"]
[Site "CZE"]
[Date "1996.??.??"]
[Round "7"]
[White "Reznicek, Jan"]
[Black "Malis, Jiri"]
[Result "1/2-1/2"]
[WhiteElo "2255"]
[BlackElo "2220"]

1.e4 g6 2.d4 Bg7 3.Nc3 c6 4.Bc4 b5 5.Bb3 a5 6.a4 b4 7.Nce2 d5 8.e5 e6 9.Nf3 Nd7
10.c4 Ne7 11.Bd2 O-O 12.h4 dxc4 13.Bxc4 c5 14.Bg5 h6 15.Bf4 Nb6 16.Bd3 c4
17.Be4 Nbd5 18.Qd2 c3 19.bxc3 Ba6 20.cxb4 axb4 21.Bd3 Bxd3 22.Qxd3 Ra5 23.Qd2 Nxf4
24.Nxf4 Nc6 25.Qe3 Nxd4 26.Qxd4 Rxe5+ 27.Qxe5 Bxe5 28.Nxe5 Qd4 29.O-O Qxe5
30.Nd3 Qc3 31.Nf4 Rc8 32.a5 b3 33.Rfd1 b2 34.Rab1 Qb4 35.Nd3 Qxa5 36.Rxb2 Rd8
37.Rbd2 e5 38.f3 f5 39.Re2 e4 40.fxe4 Qc3 41.Nf2 Rxd1+ 42.Nxd1 Qd4+ 43.Nf2 fxe4
44.Rxe4 Qf6 45.Nh3 Qb6+ 46.Kf1 Qb1+ 47.Re1 Qd3+ 48.Kf2 Qd4+ 49.Kg3 Qc3+ 50.Kf2 Qb4
51.g3 Kg7 52.Re2 g5 53.hxg5 hxg5 54.Kg2 Qb7+ 55.Kh2 Qb5 56.Rd2 Qe5 57.Kg2 Kg6
58.Nf2 Qe6 59.Rd4 Qc6+ 60.Re4 Kh5 61.Kh2  1/2-1/2

[Event "DEN-chT 9697"]
[Site "?"]
[Date "1996.??.??"]
[Round "2"]
[White "Petersen, Steen"]
[Black "Jacobsen, Bo"]
[Result "1-0"]
[WhiteElo "2150"]
[BlackElo "2275"]

1.e4 g6 2.d4 Bg7 3.Nc3 c6 4.f4 d5 5.e5 h5 6.Nf3 Nh6 7.Be3 Na6 8.Qd2 Nc7 9.O-O-O Bg4
10.Be2 Qd7 11.Kb1 O-O-O 12.Qe1 Nf5 13.Bf2 Ne6 14.g3 Bh3 15.Na4 b6 16.Qb4 Qb7
17.Rd3 Rd7 18.Rc1 h4 19.Ne1 hxg3 20.hxg3 g5 21.Rc3 gxf4 22.g4 Ng3 23.Bxg3 fxg3
24.Rxg3 Nf4 25.Qd2 Bh6 26.g5 Nxe2 27.Rxh3 Nxc1 28.Rxh6 Rg8 29.Kxc1 e6 30.Qf4 Qa6
31.Nc3 c5 32.Nd3 cxd4 33.Qxd4 Rxg5 34.Rh8+ Kb7 35.Ne4 Rg1+ 36.Kd2 Rg2+ 37.Ke3 Qc4
38.Qxc4 dxc4 39.Ne1  1-0

[Event "DEN-chT9596"]
[Site "DEN"]
[Date "1996.??.??"]
[Round "5"]
[White "Brinck Claussen, Bjorn"]
[Black "Hansen, Gunnar West"]
[Result "1-0"]
[WhiteElo "2355"]
[BlackElo "2275"]

1.e4 g6 2.d4 Bg7 3.Nc3 c6 4.Bc4 b5 5.Bb3 a5 6.a3 d6 7.Qf3 e6 8.Nge2 Nd7 9.O-O Nb6
10.d5 b4 11.Na4 cxd5 12.exd5 Bb7 13.Nxb6 Qxb6 14.axb4 axb4 15.Be3 Qd8 16.Qf4 Bxb2
17.dxe6 fxe6 18.Ba4+ Ke7 19.Qxb4 Bxg2 20.Qxb2  1-0

[Event "DEN-chT9596"]
[Site "DEN"]
[Date "1996.??.??"]
[Round "6"]
[White "Nikontovic, Semir"]
[Black "Nielsen, Tommy"]
[Result "1-0"]
[WhiteElo "2320"]
[BlackElo "2215"]

1.e4 c6 2.d4 g6 3.Nc3 Bg7 4.f4 d5 5.e5 Nh6 6.Nf3 Bg4 7.Be3 Nf5 8.Bf2 e6 9.h3 Bxf3
10.Qxf3 Qa5 11.g4 Ne7 12.Bd3 c5 13.dxc5 Nbc6 14.O-O O-O 15.g5 Nb4 16.a3 Nxd3
17.cxd3 h6 18.h4 Nf5 19.b4 Qd8 20.Ne2 b5 21.cxb6 axb6 22.Nd4 Nxd4 23.Bxd4 b5
24.Rfc1 Qd7 25.gxh6 Bxh6 26.Rc2 Rfc8 27.Rg2 Bf8 28.h5 Bxb4 29.hxg6 fxg6 30.Rxg6+ Kf7
31.f5 Rg8 32.fxe6+ Kxg6 33.exd7 Raf8 34.Qg2+ Kf7 35.axb4  1-0

[Event "DEN-chT9596"]
[Site "DEN"]
[Date "1996.??.??"]
[Round "6"]
[White "Fuglsang, Flemming"]
[Black "Jacobsen, Bo"]
[Result "1-0"]
[WhiteElo "2290"]
[BlackElo "2265"]

1.e4 g6 2.d4 Bg7 3.Nc3 c6 4.Nf3 b5 5.Bd3 d6 6.h3 Nd7 7.Bg5 a6 8.O-O Qc7 9.a4 b4
10.Na2 c5 11.c3 c4 12.Be2 b3 13.Nb4 Bb7 14.a5 Bxe4 15.Nd2 Bc2 16.Nxc2 bxc2
17.Qxc2 d5 18.Bf3 e6 19.Qa4 Rc8 20.Bxd5 h6 21.Bh4 Qf4 22.Bb7 Rb8 23.Bg3 Qxd2
24.Bxb8 Nf6 25.Bd6 Bf8 26.Be5 Be7 27.Bxf6 Bxf6 28.Bc6 O-O 29.Bxd7 h5 30.Qxc4 Rd8
31.Bc6 h4 32.Bf3 Qf4 33.Rfe1  1-0

[Event "Dresden (Women)"]
[Site "Dresden"]
[Date "1996.??.??"]
[Round "?"]
[White "Werner, Isabel"]
[Black "Rubene, Ilze"]
[Result "1/2-1/2"]
[WhiteElo "2210"]
[BlackElo "2190"]

1.e4 g6 2.d4 c6 3.Nc3 Bg7 4.Bc4 d5 5.exd5 b5 6.Bb3 b4 7.Nce2 cxd5 8.a3 bxa3
9.Rxa3 Nf6 10.Nf3 O-O 11.O-O Bg4 12.Ne5 Bxe2 13.Qxe2 Qb6 14.Be3 e6 15.Rfa1 Qb7
16.Ra5 a6 17.R1a2 Rd8 18.h3 Rd6 19.Bf4 Rb6 20.Nd3 Nfd7 21.Nc5 Qc8 22.Qd3 Nc6
23.Nxd7 Qxd7 24.Rxa6 Rbxa6 25.Rxa6 Rxa6 26.Qxa6 Nxd4 27.Qa8+ Bf8 28.Ba4 Qe7
29.Be5 Nf5 30.c3 f6 31.Bf4 g5 32.Bd2 Nd6 33.b4 Ne4  1/2-1/2

[Event "Dresden (Women)"]
[Site "Dresden"]
[Date "1996.??.??"]
[Round "?"]
[White "Schaefer, Anke"]
[Black "Rubene, Ilze"]
[Result "1/2-1/2"]
[WhiteElo "2155"]
[BlackElo "2190"]

1.e4 c6 2.d4 g6 3.Nc3 Bg7 4.Nf3 d6 5.h3 b5 6.Bd3 a6 7.Ne2 e5 8.dxe5 dxe5
9.a4 Bb7 10.O-O Nd7 11.b4 Ngf6 12.Bg5 O-O 13.Qd2 Qc7 14.Ng3 Rfd8 15.Qe2 Bf8
16.Rfb1 Qd6 17.Nh2 h5 18.Nf3 Bg7 19.Ne1 Nf8 20.Qf3 Ne6 21.Be3 Ne8 22.c3 N8c7
23.Rd1 Qe7 24.Bb6 Nf4 25.Ne2 Nfe6  1/2-1/2

[Event "Nord Cup 2nd"]
[Site "Duesseldorf"]
[Date "1996.??.??"]
[Round "3"]
[White "Kummerow, Heiko"]
[Black "Podzielny, Karl Heinz"]
[Result "1-0"]
[WhiteElo "2255"]
[BlackElo "2465"]

1.e4 c6 2.d4 g6 3.Nc3 Bg7 4.Nf3 d5 5.h3 Nh6 6.Bf4 f6 7.exd5 cxd5 8.Nb5 O-O
9.c4 Nf7 10.cxd5 Na6 11.Bc4 Bd7 12.O-O Rc8 13.Qb3 Qa5 14.Bd2 Qd8 15.a4 Nd6
16.Nxd6 exd6 17.Qxb7 Rxc4 18.Qxa6 Qc8 19.Qxd6 Rf7 20.b3 Bf8 21.Qg3 Rc2 22.Rfc1 Rxc1+
23.Rxc1 Qb7 24.Rc7 Qxb3 25.Rxa7 Qxd5 26.Qb8 Kg7 27.Bb4 Bxb4 28.Qxb4 Bxh3
29.Rxf7+ Kxf7 30.gxh3 Qxf3 31.Qc4+ Kg7 32.d5 Qxh3 33.a5 Qf3 34.a6 Qd1+ 35.Kg2 Qd2
36.a7 Qa5 37.d6 Qg5+ 38.Kf1  1-0

[Event "Nord Cup 2nd"]
[Site "Duesseldorf"]
[Date "1996.??.??"]
[Round "5"]
[White "Glaeser, Peter"]
[Black "Wicht, Juergen"]
[Result "0-1"]
[WhiteElo "1850"]
[BlackElo "2070"]

1.e4 g6 2.d4 Bg7 3.Nc3 c6 4.Bc4 d6 5.Qf3 e6 6.Bf4 d5 7.Bb3 Ne7 8.O-O-O Nd7
9.Nge2 a6 10.g4 b5 11.Ng3 Qb6 12.Rhe1 Bb7 13.exd5 cxd5 14.Nxd5 Qc6 15.Ne4 Nxd5
16.Nd6+ Kf8 17.Bg3 Bh6+ 18.Kb1 Nf4 19.Ne4 Nf6 20.Bxf4 Bxf4 21.Qxf4 Nxe4 22.d5 exd5
23.Bxd5 Qf6 24.Qh6+ Qg7 25.Qxg7+ Kxg7 26.Bxb7 Nxf2 27.Rd4 Ra7 28.Bf3 Nh3
29.Re5 h6 30.Bd5 Rd8 31.c3 Rad7 32.Rd1 Nf4  0-1

[Event "Essen tt"]
[Site "Essen"]
[Date "1996.??.??"]
[Round "?"]
[White "Borngaesser, Rene"]
[Black "Niebergall, Gerhard"]
[Result "1-0"]
[WhiteElo "2350"]
[BlackElo "2110"]

1.e4 g6 2.d4 Bg7 3.Nc3 c6 4.f4 d6 5.Be3 Nf6 6.Nf3 Bg4 7.h3 Bxf3 8.Qxf3 e6
9.O-O-O d5 10.e5 Nfd7 11.g4 Qa5 12.Kb1 b5 13.f5 Nb6 14.Ne2 Nc4 15.Bc1 Na6
16.Nf4 Bh6 17.fxe6 fxe6 18.Bxc4 Bxf4 19.Qxf4 Rf8 20.Qh6 bxc4 21.Qxh7 O-O-O
22.Qxg6 Rf2 23.Qxe6+ Kb7 24.Qe7+ Ka8 25.Rdf1 Rdf8 26.Qxf8+ Rxf8 27.Rxf8+ Kb7
28.Rf7+ Kb6 29.Bg5  1-0

[Event "Gausdal Masters"]
[Site "Gausdal"]
[Date "1996.??.??"]
[Round "6"]
[White "Westerinen, Heikki MJ"]
[Black "Ivanov, Mikhail M"]
[Result "1/2-1/2"]
[WhiteElo "2410"]
[BlackElo "2375"]

1.e4 g6 2.d4 Bg7 3.Nc3 c6 4.f4 d5 5.e5 Nh6 6.Nf3 Bg4 7.Be3 f6 8.Be2 Nf5 9.Bf2 fxe5
10.Nxe5 Bxe2 11.Qxe2 Nd7 12.O-O-O Nxe5 13.dxe5 Bh6 14.Qf3 O-O 15.Kb1 Ng7
16.Ne2 Bxf4 17.Nxf4 g5 18.Qb3 Rxf4 19.Be3 Re4 20.Rhe1 h6 21.Qxb7 Rc4 22.b3 Rb8
23.Qa6 Qc7 24.Qxa7 Rb7 25.Qa8+ Rb8 26.Qa7 Rb7 27.Qa8+  1/2-1/2

[Event "Troll Masters"]
[Site "Gausdal"]
[Date "1996.??.??"]
[Round "7"]
[White "Johnsen, Sverre"]
[Black "Ivanov, Mikhail M"]
[Result "0-1"]
[WhiteElo "2175"]
[BlackElo "2375"]

1.d4 g6 2.e4 Bg7 3.Nc3 c6 4.Bc4 d6 5.Qe2 Nd7 6.Nf3 e6 7.Bg5 Ne7 8.a4 h6 9.Bh4 Nf8
10.O-O g5 11.Bg3 Neg6 12.e5 d5 13.Bd3 Qb6 14.a5 Qb4 15.Ra4 Qe7 16.Qe3 h5
17.h4 gxh4 18.Bf4 Nxf4 19.Qxf4 Ng6 20.Bxg6 fxg6 21.Qxh4 Qxh4 22.Nxh4 g5 23.Nf3 Bh6
24.b4 Bd7 25.Ra3 O-O-O 26.Na4 Kc7 27.Nc5 Bc8 28.g3 Rdg8 29.Kg2 Bf8 30.Rfa1 Be7
31.Nd2 Rh6 32.f3 Rgh8 33.Rf1 Bd7 34.Rh1 Be8 35.Nf1 Bxc5 36.bxc5 Bg6 37.Ne3 g4
38.Rh4 gxf3+ 39.Kxf3 R6h7 40.Ra1 Rf7+ 41.Ke2 Rhf8 42.Rf1 Rxf1 43.Nxf1 b6
44.axb6+ axb6 45.cxb6+ Kxb6 46.Ne3 Be4 47.g4 hxg4 48.Nxg4 Bxc2 49.Rh6 Re8
50.Kd2 Bf5 51.Ne3 Be4 52.Kc3 c5 53.Ng4 Rg8 54.Rxe6+ Kb5 55.Nf2 Rg3+ 56.Kd2 cxd4
57.Rf6 Kc5 58.Rf7 Rg5 59.Rc7+ Kb6 60.Re7 Kc6 61.e6 Kd6 62.Nxe4+ dxe4 63.Rd7+ Kc5
64.Rc7+ Kb5 65.Rd7 e3+ 66.Kd3 Re5 67.Ke2 Kc5 68.e7 Kc4 69.Rc7+ Kd5 70.Rd7+ Ke4
71.Ra7 d3+ 72.Ke1 Kf3 73.e8=Q d2+ 74.Kd1 e2+ 75.Kxd2 e1=Q+  0-1

[Event "Troll Masters"]
[Site "Gausdal"]
[Date "1996.??.??"]
[Round "8"]
[White "Lejlic, Samir"]
[Black "Sokolovs, Andrei"]
[Result "0-1"]
[WhiteElo "2420"]
[BlackElo "2495"]

1.e4 g6 2.d4 Bg7 3.Nc3 c6 4.Nf3 d5 5.h3 Nh6 6.exd5 cxd5 7.Bb5+ Nc6 8.Ne5 Bd7
9.Bxc6 Bxc6 10.Bf4 Nf5 11.Qd2 O-O 12.g4 Nd6 13.Bh6 f6 14.Bxg7 Kxg7 15.Nd3 Nc4
16.Qe2 e5 17.dxe5 fxe5 18.O-O-O e4 19.Nc5 Qb6 20.Ne6+ Kg8 21.b3 Rxf2 22.Qe1 Qe3+
23.Qxe3 Nxe3 24.Rd2 Rxd2 25.Kxd2 Ng2 26.Rf1 Re8 27.Nd4 g5 28.b4 e3+ 29.Ke2 Nf4+
30.Kf3 Nxh3 31.b5 Rf8+ 32.Ke2 Nf4+ 33.Kxe3 Bd7 34.Rg1 h6 35.a4 Rc8 36.Kd2 Rc4
37.Nf3 Rxc3 38.Kxc3 Ne2+ 39.Kb4 Nxg1 40.Nxg1 Bxg4 41.Kc5 Bd1 42.a5 Bxc2 43.Ne2 Be4
44.Nd4 g4 45.b6 axb6+ 46.Kxb6 g3 47.Kxb7 g2  0-1

[Event "BL2-O9596"]
[Site "Germany"]
[Date "1996.??.??"]
[Round "?"]
[White "Kyas, Juergen"]
[Black "Komljenovic, Luka"]
[Result "1/2-1/2"]
[WhiteElo "2255"]
[BlackElo "2220"]

1.e4 g6 2.d4 Bg7 3.Nc3 c6 4.Nf3 Nf6 5.h3 O-O 6.Bg5 d5 7.Bd3 dxe4 8.Nxe4 Nxe4
9.Bxe4 Bf5 10.Bxf5 Qa5+ 11.c3 Qxf5 12.O-O e6 13.Re1 Nd7 14.Qd2 Rfe8 15.Rad1 a5
16.Bf4 Rad8 17.Bc7 Rc8 18.Bg3 h6 19.Ne5 Nxe5 20.Bxe5 Red8 21.Bxg7  1/2-1/2

[Event "BL2-O9596"]
[Site "Germany"]
[Date "1996.??.??"]
[Round "?"]
[White "Kleschtschow, Juri"]
[Black "Niedermaier, Hans"]
[Result "1/2-1/2"]
[WhiteElo "2115"]
[BlackElo "2210"]

1.e4 g6 2.d4 Bg7 3.Nc3 c6 4.Nf3 d5 5.h3 dxe4 6.Nxe4 Nf6 7.Nxf6+ exf6 8.Bd3 O-O
9.O-O Be6 10.Be3 Nd7 11.c4 f5 12.Qc2 h6 13.Rac1 Nf6 14.Bf4 Nh5 15.Be5 Bxe5
16.dxe5 Qc7 17.Rfe1 Rfd8 18.Qc3 Rd7 19.Bc2 Rad8 20.Rcd1 Rxd1 21.Rxd1 Rxd1+
22.Bxd1 Qd7 23.Bc2 f4 24.b4 Ng7 25.a3 Bf5 26.Bb3 Ne6 27.c5 g5 28.Bc2 Bxc2
29.Qxc2 Nd4 30.Nxd4 Qxd4 31.Qf5 Qd1+ 32.Kh2 Qe2 33.f3 Qe1 34.Qc8+ Kg7 35.Qxb7 Qg3+
36.Kg1 Qe1+  1/2-1/2

[Event "BL2-W9596"]
[Site "Germany"]
[Date "1996.??.??"]
[Round "?"]
[White "Budde, Vladimir"]
[Black "Telljohann, Sven"]
[Result "1/2-1/2"]
[WhiteElo "2305"]
[BlackElo "2425"]

1.e4 g6 2.d4 Bg7 3.Nc3 c6 4.Nf3 d5 5.Bf4 dxe4 6.Nxe4 Qa5+ 7.Qd2 Qxd2+ 8.Nexd2 Nf6
9.Bc4 Nbd7 10.Bb3 O-O 11.O-O-O Nd5 12.Bg3 Bh6 13.Rde1 Re8 14.Kb1 Nf8 15.Ne4 Bf5
16.h4 Bf4 17.Bxf4 Nxf4 18.Nfg5 N4e6 19.Ng3 Nxg5 20.hxg5 Be6 21.Ne4 Red8 22.c3 Bxb3
23.axb3 Ne6 24.Rh4 Kg7 25.f4 Rd5 26.Reh1 Rh8 27.b4 b6 28.Re1 Rhd8 29.Reh1 Nf8
30.g3 a5 31.bxa5 Rxa5 32.Kc2 Rda8 33.Rf1 Ra1 34.Rhh1 Rxf1 35.Rxf1 h6 36.gxh6+ Kxh6
37.Rh1+ Kg7 38.Nd2 Nd7 39.Nf3 f6 40.Re1 Kf7 41.Rh1 Kg7 42.c4 Ra5 43.Kc3 Ra8
44.Re1 Kf8 45.Rh1 Kg7 46.Nh4 e6 47.Nf3 Ra5 48.Re1 Kf7 49.g4 c5 50.d5 exd5
51.cxd5 b5 52.d6 Nb6 53.Re7+ Kf8 54.Kc2 Nc4 55.Re6 Kf7 56.f5 gxf5 57.gxf5 Ra7
58.b3 Nb6 59.Kd3 Nd5 60.Ke4 Nc3+ 61.Kd3 Nd5 62.Kc2 Rd7 63.Nd2 Nf4 64.Re4 Nd5
65.Re6 Nf4  1/2-1/2

[Event "BL2-W9596"]
[Site "Germany"]
[Date "1996.??.??"]
[Round "?"]
[White "Haubt, Georg"]
[Black "Telljohann, Sven"]
[Result "1/2-1/2"]
[WhiteElo "2270"]
[BlackElo "2425"]

1.d4 g6 2.e4 Bg7 3.Nc3 c6 4.Nf3 d5 5.Bf4 dxe4 6.Nxe4 Qa5+ 7.Bd2 Qc7 8.Bc4 Nf6
9.Nxf6+ Bxf6 10.Bh6 Qa5+ 11.c3 Qh5 12.Qd2 Bh3 13.Ne5 Bxe5 14.gxh3 Bf6 15.Qf4 g5
16.Qg4 Qxg4 17.hxg4 Rg8 18.h4 gxh4 19.g5 Bg7 20.Rxh4 Bxh6 21.Rxh6 Rxg5 22.Rxh7 Rg1+
23.Bf1 Nd7 24.O-O-O e6 25.Rh8+ Nf8 26.Be2 Rg2 27.Rf1 Ke7 28.Bf3 Rg5 29.Kd2 Rd8
30.Ke3 c5 31.Rd1 b6 32.Rh5  1/2-1/2

[Event "BL2-W9596"]
[Site "Germany"]
[Date "1996.??.??"]
[Round "?"]
[White "Luethgens, Eike"]
[Black "Schnaebele, Uwe"]
[Result "1-0"]
[WhiteElo "2295"]
[BlackElo "2245"]

1.e4 g6 2.d4 Bg7 3.Nc3 c6 4.Bc4 d6 5.Qf3 e6 6.Nge2 Ne7 7.Bb3 O-O 8.g4 h6
9.Qh3 Kh7 10.Bxh6 Bxh6 11.g5 Ng8 12.gxh6 Nd7 13.Qg3 Ndf6 14.Nf4 Qa5 15.O-O-O Nxh6
16.h4 Nhg4 17.f3 e5 18.fxg4 exf4 19.Qxf4 Nxg4 20.Rdg1 Qh5 21.Qxd6 Kg7 22.Kb1 a5
23.Ne2 Ra6 24.Ng3 Qb5 25.h5 Qb4 26.Qxb4 axb4 27.Rf1 Bd7 28.hxg6 Kxg6 29.Nf5 Ra5
30.Rhg1 Bxf5 31.exf5+ Kg5 32.d5 cxd5 33.Rd1 Rh8 34.Rd4 Rh4 35.Bxd5 Kxf5 36.Bxb7 Ne5
37.Rxh4 Ra7 38.Be4+ Ke6 39.Rg5 f6 40.Rg1 Rd7 41.a3 bxa3 42.bxa3 Rc7 43.Bd3 Rd7
44.Re1  1-0

[Event "BL2-W9596"]
[Site "Germany"]
[Date "1996.??.??"]
[Round "?"]
[White "Schulz, Klaus Juergen"]
[Black "Telljohann, Sven"]
[Result "1-0"]
[WhiteElo "2405"]
[BlackElo "2425"]

1.e4 g6 2.d4 Bg7 3.Nc3 c6 4.Nf3 d5 5.h3 Nf6 6.e5 Ne4 7.Nxe4 dxe4 8.Ng5 c5
9.dxc5 Qa5+ 10.Bd2 Qxc5 11.Bc3 Nc6 12.Nxe4 Qb6 13.Qd2 Bxe5 14.Bxe5 Nxe5 15.Qc3 f6
16.f4 Nc6 17.Bc4 Bf5 18.Nxf6+ exf6 19.O-O-O Rd8 20.Rde1+ Ne7 21.g4 Bc8 22.Re4 h6
23.g5 Bf5 24.Re3 hxg5 25.fxg5 Rd4 26.Rhe1 Rh7 27.Bg8 Rg7 28.Be6 fxg5 29.Bxf5 gxf5
30.Qc8+ Rd8 31.Qxf5 Qd6 32.b3 a6 33.Kb1 Qf4 34.Qc5 Qd6 35.Qf5 Rd7 36.Rf1 Rg8
37.Qf7+ Kd8 38.Rxe7 Qxe7 39.Qxg8+ Kc7 40.Qc4+ Kb8 41.a4 Ka7 42.Ka2 Qe5 43.Kb1 Rd4
44.Qc8 Rd2 45.Ka2 Qd6 46.Rf7 Qd5 47.Rf5 Qc6 48.Qxc6 bxc6 49.Kb2 Rh2 50.Rxg5 Rxh3
51.a5 Rf3 52.Ka3 Rc3 53.Rg2 Rc5 54.Ka4 Re5 55.Rg7+ Kb8 56.Rg4 Kc7 57.Rg7+ Kb8
58.c3 Re4+ 59.Ka3 Re5 60.Kb4 Rb5+ 61.Ka4 Re5 62.Rg4 Kc7 63.c4 Rf5 64.Rg3 Re5
65.b4 Re1 66.Kb3 Re7 67.Kc3 Rd7 68.Rg4 Rf7 69.Kd4 Re7 70.Rg8 Rd7+ 71.Ke5 Re7+
72.Kf5 Rf7+ 73.Ke6 Rf4 74.Rg7+ Kb8 75.c5 Rxb4 76.Kd6 Rb5 77.Kxc6 Rxa5 78.Rb7+ Kc8
79.Rc7+ Kb8 80.Kd7 Ra1 81.Rc8+ Ka7 82.c6 Rd1+ 83.Kc7 a5 84.Rd8 Rh1 85.Kc8 a4
86.c7 a3 87.Kd7  1-0

[Event "BL2-N9697"]
[Site "Germany"]
[Date "1996.??.??"]
[Round "?.4"]
[White "Stanke, Juergen"]
[Black "Studeny, Steffen"]
[Result "1/2-1/2"]
[WhiteElo "2295"]
[BlackElo "2235"]

1.e4 g6 2.d4 Bg7 3.Nc3 c6 4.Nge2 d5 5.e5 f6 6.exf6 exf6 7.Nf4 Nh6 8.Bd3 O-O
9.O-O a5 10.Be3 Nf5 11.Qd2 Na6 12.a3 Nc7 13.Rfe1 b5 14.Nce2 Nxe3 15.Qxe3 f5
16.c3 Qf6 17.Bc2 Ne6 18.Nxe6 Bxe6 19.Nf4 Bd7 20.Qe7 Qxe7 21.Rxe7 Rf7 22.Rxf7 Kxf7
23.Nd3 Re8 24.Kf1 a4 25.f4 Re7 26.Kf2 Be8 27.Rd1  1/2-1/2

[Event "BL2-W9697"]
[Site "Germany"]
[Date "1996.??.??"]
[Round "?.2"]
[White "Vogler, Tilmann"]
[Black "Telljohann, Sven"]
[Result "0-1"]
[WhiteElo "2340"]
[BlackElo "2420"]

1.d4 g6 2.e4 Bg7 3.Nc3 c6 4.Nf3 d5 5.h3 Nf6 6.Bd3 dxe4 7.Nxe4 Nxe4 8.Bxe4 Nd7
9.O-O O-O 10.c3 c5 11.Bc2 cxd4 12.cxd4 Nf6 13.Re1 b6 14.Qe2 e6 15.Bf4 Bb7
16.Bb3 Rc8 17.Be5 Qe7 18.Rad1 Rfd8 19.Nh2 Bd5 20.Rd3 Bc6 21.Rc3 Nd5 22.Bxg7 Kxg7
23.Rg3 Nf6 24.Rd1 Bb7 25.Ng4 Nxg4 26.hxg4 Qg5 27.Re3 Qf4 28.g3 Qf6 29.Re5 Qf3
30.d5 Bxd5 31.Bxd5 Qxe2 32.Rxe2 Rxd5 33.Rxd5 exd5 34.Rd2 Rd8 35.f4 Rc8 36.Kf2 Rc1
37.Ke3 Rg1 38.Kf2 Rh1 39.Ke3 Rg1 40.Kf2 Rb1 41.Ke3 Kf6 42.g5+ Ke6 43.Rh2 Re1+
44.Kf3 d4 45.Rc2 Re3+ 46.Kf2 Rd3 47.g4 Kd6 48.Re2 a5 49.f5 gxf5 50.gxf5 Rh3
51.Re4 Rh5 52.Kf3 Kd5 53.Re7 Rxg5 54.Rxf7 h5 55.f6 Ke5 56.Rh7 Rf5+ 57.Ke2 Kxf6
58.Rh6+ Kg5 59.Rxb6 h4 60.b4 h3 61.bxa5 h2 62.Rb1 Kg4 63.Kd3 Rxa5 64.Ra1 Ra4
65.Ke4 Kg3 66.a3 Kg4 67.Rh1 d3+ 68.Ke3 Rxa3 69.Rxh2 d2+ 70.Ke2 d1=Q+  0-1

[Event "Hessenliga 9596"]
[Site "Germany"]
[Date "1996.??.??"]
[Round "?"]
[White "Koeller, Oliver"]
[Black "Alber, Horst"]
[Result "0-1"]
[WhiteElo "2245"]
[BlackElo "2260"]

1.e4 g6 2.d4 Bg7 3.Nc3 c6 4.Bc4 b5 5.Bb3 b4 6.Qf3 e6 7.Nce2 d5 8.exd5 cxd5
9.Nh3 Nf6 10.O-O O-O 11.a3 bxa3 12.Rxa3 Ne4 13.Nhf4 Nc6 14.c3 Na5 15.Bc2 Bb7
16.b3 Qc7 17.Rd1 Rfe8 18.Bb2 Rab8 19.Rda1 Nc6 20.Qd3 Bh6 21.Bc1 Bf8 22.Ra4 a5
23.f3 Nf6 24.Bd2 e5 25.Nh3 e4 26.fxe4 dxe4 27.Qg3 Qd7 28.Bg5 Nd5 29.Rf1 Ba6
30.Qf2 Bxe2 31.Qxe2 Nxc3  0-1

[Event "Hessenliga 9596"]
[Site "Germany"]
[Date "1996.??.??"]
[Round "?"]
[White "Meiser, Markus"]
[Black "Koeller, Oliver"]
[Result "1/2-1/2"]
[WhiteElo "2270"]
[BlackElo "2245"]

1.d4 g6 2.e4 Bg7 3.Nc3 c6 4.Nf3 Nf6 5.Be2 d5 6.exd5 cxd5 7.O-O O-O 8.Ne5 Nc6
9.Bg5 Be6 10.Nxc6 bxc6 11.Bf3 h6 12.Bf4 g5 13.Be5 Nd7 14.Bxg7 Kxg7 15.Re1 Qb8
16.Na4 Qd6 17.b3 Rfe8 18.g3 Rad8 19.Qd2 Bh3 20.Qc3 Qf6 21.Bg2 Bxg2 22.Kxg2 e5
23.dxe5 Nxe5 24.Qd4 Re7 25.f4 gxf4 26.gxf4 Ng6 27.Qxf6+ Kxf6 28.Rxe7 Nxe7
29.Kf3 Nf5 30.c3 Re8 31.Rg1 Re3+ 32.Kf2 Re4 33.Kf3 Re3+ 34.Kf2 Re4 35.Kf3 Nh4+
36.Kg3 Ng6 37.Rf1 Kf5 38.Rf3 Rxf4 39.Nc5 Rxf3+ 40.Kxf3 Ne5+ 41.Kg3 Kg5 42.b4 f5
43.Ne6+ Kf6 44.Nd4 Kg5 45.Ne6+ Kf6 46.Nd4 Kg5  1/2-1/2

[Event "Hessenliga 9596"]
[Site "Germany"]
[Date "1996.??.??"]
[Round "?"]
[White "Rasch, Holger"]
[Black "Alber, Horst"]
[Result "0-1"]
[WhiteElo "2240"]
[BlackElo "2260"]

1.e4 g6 2.d4 Bg7 3.Nc3 c6 4.Be3 b5 5.Qd2 d6 6.f3 Qc7 7.g4 Nd7 8.Nge2 Rb8
9.Ng3 b4 10.Nd1 c5 11.Be2 cxd4 12.Bxd4 e5 13.Bf2 Ne7 14.h4 Nc5 15.Ne3 Be6
16.h5 a5 17.g5 O-O 18.Ng4 Bxg4 19.fxg4 Qc6 20.Bxc5 Qxc5 21.Bd3 Rfd8 22.O-O-O a4
23.Kb1 a3 24.b3 Qd4 25.Qc1 d5 26.Ne2 Qc5 27.Rdf1 dxe4 28.Bxe4 Nd5 29.hxg6 hxg6
30.Qe1 Ne3 31.Qf2 Rd7 32.Rh3 Nxf1 33.Qxf1 Rbd8  0-1

[Event "Hessenliga 9596"]
[Site "Germany"]
[Date "1996.??.??"]
[Round "?"]
[White "Weng, Annegret"]
[Black "Alber, Horst"]
[Result "0-1"]
[WhiteElo "2085"]
[BlackElo "2260"]

1.e4 g6 2.d4 Bg7 3.Nc3 c6 4.f4 b5 5.a3 d6 6.Nf3 a6 7.Be3 Nd7 8.Be2 Bb7 9.O-O Ngf6
10.e5 Ng4 11.Bc1 Qb6 12.Kh1 c5 13.Ng5 Nh6 14.e6 fxe6 15.Nxe6 Bxd4 16.f5 Nf7
17.Bf3 Bxc3 18.bxc3 Rg8 19.a4 Rc8 20.axb5 axb5 21.Bf4 Nf6 22.Qe2 gxf5 23.Bg3 Ne4
24.Bxe4 Bxe4 25.Qh5 Rg6 26.Nf4 Rh6 27.Qd1 e5 28.Nd3 f4 29.Be1 Qb7 30.Qe2 Rg6
31.Rf3 Ng5  0-1

[Event "Hessenliga 9596"]
[Site "Germany"]
[Date "1996.??.??"]
[Round "?"]
[White "Weng, Annegret"]
[Black "Krah, Michael"]
[Result "1/2-1/2"]
[WhiteElo "2085"]
[BlackElo "2100"]

1.e4 g6 2.d4 Bg7 3.Nc3 c6 4.f4 d5 5.e5 h5 6.Nf3 Nh6 7.Be3 Bg4 8.h3 Bxf3 9.Qxf3 e6
10.Bd3 h4 11.O-O Nd7  1/2-1/2

[Event "Oberliga Ost B9596"]
[Site "Germany"]
[Date "1996.??.??"]
[Round "?"]
[White "Mueller, Klaus Uwe"]
[Black "Bueder, Thomas"]
[Result "1-0"]
[WhiteElo "2345"]
[BlackElo "2250"]

1.e4 g6 2.d4 Bg7 3.Nc3 c6 4.Be3 d6 5.Qd2 b5 6.Bd3 a6 7.f4 Nf6 8.Nf3 Ng4 9.Bg1 e5
10.dxe5 dxe5 11.h3 Nh6 12.fxe5 Nd7 13.O-O-O Ng8 14.Bh2 Nc5 15.Rhf1 Be6 16.Qf2 Qe7
17.Kb1 Rb8 18.Nd4 Bd7 19.e6  1-0

[Event "Oberliga Ost B9596"]
[Site "Germany"]
[Date "1996.??.??"]
[Round "?"]
[White "Foetsch, Daniel"]
[Black "Bueder, Thomas"]
[Result "1/2-1/2"]
[WhiteElo "2140"]
[BlackElo "2250"]

1.e4 g6 2.d4 Bg7 3.Nc3 c6 4.Bc4 d6 5.Qf3 e6 6.Nge2 Ne7 7.Bg5 Nd7 8.Bb3 h6
9.Bf4 d5 10.g4 b5 11.Bd6 a5 12.a3 O-O 13.Qg3 Ba6 14.e5 Re8 15.Qh4 c5  1/2-1/2

[Event "BL2-N9596"]
[Site "Germany"]
[Date "1996.??.??"]
[Round "?"]
[White "Paulsen, Dirk"]
[Black "Stanke, Juergen"]
[Result "0-1"]
[WhiteElo "2325"]
[BlackElo "2295"]

1.d4 g6 2.e4 Bg7 3.Nc3 c6 4.Nge2 d5 5.e5 Na6 6.Nf4 Nc7 7.h4 h5 8.Bd3 Ne6
9.Nxg6 fxg6 10.Bxg6+ Kd7 11.f4 Qb6 12.Ne2 Nf8 13.Bf7 Kd8 14.c4 Bg4 15.cxd5 Nh6
16.dxc6 Nxf7 17.cxb7 Qxb7 18.O-O Rh6 19.Qd3 Rc8 20.Nc3 Rb6 21.b3 Qa6 22.Qd2 Qa5
23.Bb2 Nh6 24.Rac1 Nf5 25.Qf2 Rbc6 26.Qd2 Bh6 27.a3 Qb6 28.Nd5 Qb5 29.Rxc6 Rxc6
30.Nb4 Rc7 31.d5 Ng3 32.Nc6+ Ke8 33.Rf2 Ne4 34.Qd4 Nxf2 35.Kxf2 Qe2+ 36.Kg3  0-1

[Event "Oberliga Ost A9596"]
[Site "Germany"]
[Date "1996.??.??"]
[Round "?"]
[White "Liedtke, Matthias"]
[Black "Csulits, Anton"]
[Result "1-0"]
[WhiteElo "2280"]
[BlackElo "2320"]

1.e4 g6 2.d4 Bg7 3.Nc3 c6 4.Bc4 b5 5.Bb3 b4 6.Nce2 d5 7.exd5 cxd5 8.Bd2 Qb6
9.Bxd5 Bb7 10.Bxb7 Qxb7 11.Nf3 Nf6 12.O-O O-O 13.c4 bxc3 14.bxc3 Qa6 15.Ne5 Nbd7
16.Bf4 Nxe5 17.Bxe5 Rfc8 18.Qc2 Nd5 19.Bxg7 Kxg7 20.Rfc1 Rc4 21.Qe4 Qc6 22.Qe5+ Kg8
23.Rab1 Rc8 24.Rb3 e6 25.h4 h5 26.Qg3 Qa6 27.Nf4 Nxf4 28.Qxf4 R4c7 29.Rcb1 Qxa2
30.Rb8 Qa5 31.R1b7 Rxb7 32.Rxc8+ Kg7 33.Qd6 Kf6 34.Qf8 Rb5 35.Qh8+ Kf5 36.Qg7 Kg4
37.Qxf7 Rb1+ 38.Kh2 Qf5 39.f3+ Kf4 40.Qxa7 Ke3 41.Qc7 Rc1 42.Re8 Kf2 43.Qg3+ Kf1
44.Ra8 Qd3 45.Ra2 Qe3 46.Qxg6 Rxc3 47.Qb1+ Rc1 48.Qb5+ Ke1 49.Qg5  1-0

[Event "Landesliga S9596 Bayern"]
[Site "Germany"]
[Date "1996.??.??"]
[Round "?"]
[White "Hofmann, Juergen"]
[Black "Sailer, Wolfgang"]
[Result "0-1"]
[WhiteElo "2075"]
[BlackElo "2120"]

1.e4 g6 2.d4 Bg7 3.Nc3 c6 4.Be3 d5 5.Qd2 Nf6 6.e5 Ng4 7.Bf4 f6 8.exf6 Nxf6
9.O-O-O O-O 10.f3 Nbd7 11.h4 Nh5 12.Bh2 e5 13.g4 exd4 14.Nce2 Nhf6 15.Nxd4 Qb6
16.Ne6 Ne4 17.Nxg7 Nxd2 18.Ne6 Nxf1 19.Nxf8 Qe3+ 20.Kb1 Nd2+ 21.Kc1 Nxf3+
22.Kb1 Nd2+ 23.Kc1 Ne4+  0-1